English knowhow Student book 3

Đã lưu trong:
書目詳細資料
主要作者: Blackwell, Angela
其他作者: Manin, Gregory J., Naber, Therese
格式: 圖書
語言:English
出版: New York Oxford University Press 2004
主題:
標簽: 添加標簽
沒有標簽, 成為第一個標記此記錄!
Thư viện lưu trữ: Trung tâm Học liệu Lê Vũ Hùng, Trường Đại học Đồng Tháp
LEADER 00814pmm a22002298a 4500
001 00044163
005 20190422150408.0
008 111221s2004 ||||||engsd
020 # # |c 0 
041 0 # |a eng 
082 1 # |a 428  |b ENG300K 
100 1 # |a Blackwell, Angela 
245 1 0 |a English knowhow  |c Angela Blackwell, Therese Naber ; with Gregory J. Martin.  |b Student book 3  |h Nguồn liệu điện tử 
260 # # |a New York  |b Oxford University Press  |c 2004 
300 # # |a 1 CD  |b col. ill., col. map  |c 43/4 inch  |e sách 
650 # # |a Sách giáo khoa cho người nước ngoài 
650 # # |a Tiếng anh 
653 # # |a Đĩa CD 
700 1 # |a Manin, Gregory J. 
700 1 # |a Naber, Therese 
852 # # |j DPT.0004189 
980 # # |a Trung tâm Học liệu Lê Vũ Hùng, Trường Đại học Đồng Tháp